Managerial Economics. (Record no. 3655)

MARC details
005 - DATE AND TIME OF LATEST TRANSACTION
control field 20250610163555.0
020 ## - INTERNATIONAL STANDARD BOOK NUMBER
International Standard Book Number 978-1-4737-7895-5
082 ## - DEWEY DECIMAL CLASSIFICATION NUMBER
Classification number 330.024 HIR
100 ## - MAIN ENTRY--PERSONAL NAME
Author name HIRSCHEY, M.
245 ## - TITLE STATEMENT
Title Managerial Economics.
250 ## - EDITION STATEMENT
Edition statement 16th Ed
260 ## - PUBLICATION, DISTRIBUTION, ETC.
Place of publication, distribution, etc. Australia,
Name of publisher, distributor, etc. Cengage,
Date of publication, distribution, etc. 2022.
300 ## - PHYSICAL DESCRIPTION
Extent xiv, 800p.: ill.; figure, table
Other physical details Index
Dimensions 25cm.
700 ## - ADDED ENTRY--PERSONAL NAME
Other authors/Editors BENTZEN, E. & SCHEIBYE, C.
856 ## - ELECTRONIC LOCATION AND ACCESS
Link text Access Online Book
Electronic name Managerial Economics
Path www.cengage.co.uk.
942 ## - ADDED ENTRY ELEMENTS (KOHA)
Source of classification or shelving scheme Dewey Decimal Classification
Koha item type Books
Holdings
Date last seen Total checkouts Full call number Barcode Cost, replacement price Price effective from Koha item type Lost status Source of classification or shelving scheme Damaged status Not for loan Withdrawn status Home library Current library Shelving location Date acquired Cost, normal purchase price
06/10/2025   330.024 HIR 00000012537 463779.00 06/10/2025 Books   Dewey Decimal Classification       College of Business Education Main Library College of Business Education Main Library General Collection 09/17/2024 154593.00
06/10/2025   330.024 HIR 00000012538 463779.00 06/10/2025 Books   Dewey Decimal Classification       College of Business Education Main Library College of Business Education Main Library General Collection 09/17/2024 154593.00
06/10/2025   330.024 HIR 00000012539 463779.00 06/10/2025 Books   Dewey Decimal Classification       College of Business Education Main Library College of Business Education Main Library General Collection 09/17/2024 154593.00
06/10/2025   330.024 HIR 00000012540 463779.00 06/10/2025 Books   Dewey Decimal Classification       College of Business Education Main Library College of Business Education Main Library General Collection 09/17/2024 154593.00
06/10/2025   330.024 HIR 00000012541 463779.00 06/10/2025 Books   Dewey Decimal Classification       College of Business Education Main Library College of Business Education Main Library General Collection 09/17/2024 154593.00